La cara norte del corazón / (Record no. 196044)
[ view plain ]
| 000 -LEADER | |
|---|---|
| campo de control de longitud fija | 01456nam a2200409 i 4500 |
| 001 - NÚMERO DE CONTROL | |
| campo de control | 196044 |
| 003 - IDENTIFICADOR DE NÚMERO DE CONTROL | |
| campo de control | ES-MaACL |
| 005 - FECHA Y HORA DE LA ÚLTIMA TRANSACCIÓN | |
| campo de control | 20250804161028.0 |
| 008 - DATOS DE LONGITUD FIJA--INFORMACIÓN GENERAL | |
| campo de control de longitud fija | 240810s2019 sp | |||| 000 f spa |
| 015 ## - NÚMERO DE BIBLIOGRAFÍA NACIONAL | |
| Número de bibliografía nacional | MON19 |
| 017 ## - NÚMERO DE COPYRIGHT O DE DEPÓSITO LEGAL | |
| Número de copyright o de depósito legal | B 19434-2019 |
| Agencia que asigna | Oficina Depósito Legal Barcelona |
| 020 ## - NÚMERO INTERNACIONAL ESTÁNDAR DEL LIBRO | |
| Número Internacional Estándar del Libro | 9788423356355 |
| 035 ## - NÚMERO DE CONTROL DEL SISTEMA | |
| Número de control de sistema | (OCoLC)1139008427 |
| 035 ## - NÚMERO DE CONTROL DEL SISTEMA | |
| Número de control de sistema | (SpMaBN)a6646096 |
| 035 ## - NÚMERO DE CONTROL DEL SISTEMA | |
| Número de control de sistema | 991026609349708606 |
| 040 ## - FUENTE DE CATALOGACIÓN | |
| Centro catalogador/agencia de origen | SpMaBN |
| Lengua de catalogación | spa |
| Centro/agencia transcriptor | SpMaBN |
| Normas de descripción | rda |
| 080 ## - NÚMERO DE LA CLASIFICACIÓN DECIMAL UNIVERSAL | |
| Número de la Clasificación Decimal Universal | 821.134.2-31"19" |
| 100 1# - ENTRADA PRINCIPAL--NOMBRE DE PERSONA | |
| Nombre de persona | Redondo, Dolores, |
| Fechas asociadas al nombre | 1969- |
| 9 (RLIN) | 175717 |
| Término indicativo de función/relación | Autor |
| 240 13 - TÍTULO UNIFORME | |
| Título uniforme | La cara norte del corazón |
| 245 13 - MENCIÓN DEL TÍTULO | |
| Título | La cara norte del corazón / |
| Mención de responsabilidad, etc. | Dolores Redondo. |
| 250 ## - MENCION DE EDICION | |
| Mención de edición | Primera edición: octubre de 2019 |
| 264 #1 - PRODUCCIÓN, PUBLICACIÓN, DISTRIBUCIÓN, FABRICACIÓN Y COPYRIGHT | |
| Producción, publicación, distribución, fabricación y copyright | Barcelona : |
| Nombre del de productor, editor, distribuidor, fabricante | Ediciones Destino, |
| Fecha de producción, publicación, distribución, fabricación o copyright | [2019]. |
| 264 #4 - PRODUCCIÓN, PUBLICACIÓN, DISTRIBUCIÓN, FABRICACIÓN Y COPYRIGHT | |
| Fecha de producción, publicación, distribución, fabricación o copyright | ©2019 |
| 300 ## - DESCRIPCIÓN FÍSICA | |
| Extensión | 686 páginas : |
| Dimensiones | 24 cm. |
| 336 ## - TIPO DE CONTENIDO | |
| Término de tipo de contenido | Texto |
| Fuente | rdacontent |
| 337 ## - TIPO DE MEDIO | |
| Nombre/término del tipo de medio | sin mediación |
| Fuente | rdamedia |
| 338 ## - TIPO DE SOPORTE | |
| Nombre/término del tipo de soporte | volumen |
| Fuente | rdacarrier |
| 490 1# - MENCIÓN DE SERIE | |
| Mención de serie | Áncora y delfín ; |
| Designación de volumen o secuencia | 1481 |
| 500 ## - NOTA GENERAL | |
| Nota general | Incluye glosario |
| 655 #7 - TERMINO DE INDIZACIÓN--GENERO/FORMA | |
| Datos o término principal de género/forma | Novelas de suspense |
| Fuente del término | tgfbne |
| 9 (RLIN) | 234410 |
| 852 ## - LOCALIZACIÓN | |
| Ubicación | ES-MaACL |
| Sublocalización o colección | R.153176 |
| Ubicación en estantería | Depósito J |
| Número de control de estantería | N-9171 |
| Donativo/Legado | Donación: Pilar Fernández Vera |
| Encuadernación | Encuadernación cartoné (faltan las sobrecubiertas) |
| itemnumber | 205077 |
| 903 ## - NOMBRE PERSONAL DE DONANTE | |
| a | Fernández Vera, Pilar, |
| d | 1961- |
| e | Donante |
| 9 | 49420 |
| 942 ## - ELEMENTOS DE ENTRADA SECUNDARIOS (KOHA) | |
| Tipo de ítem Koha | Libro impreso |
| Suprimir en OPAC | No |
| Estatus retirado | Estado de pérdida | Fuente del sistema de clasificación o colocación | Estado de daño | No para préstamo | Biblioteca de origen | Biblioteca actual | Ubicación en estantería | Fecha de adquisición | Fuente de adquisición | Total de préstamos | Signatura topográfica completa | Código de barras | Visto por última vez | Precio de reemplazo | Tipo de ítem Koha |
|---|---|---|---|---|---|---|---|---|---|---|---|---|---|---|---|
| Clasificación decimal universal | Biblioteca del Ateneo de Madrid | Biblioteca del Ateneo de Madrid | Depósito J | 26/04/2025 | Donación | N-9171 | 101229912 | 26/04/2025 | 26/04/2025 | Libro impreso |
